000 00852nam a2200241Ia 4500
003 GCL
008 140319s9999 xx 000 0 ara d
020 _a8120367977
040 _aGCL /
_cGCL
082 0 4 _a956.904
_bح ا
100 1 _aحسن محمد احمد
245 1 0 _aالانتفاضة المباركة :
_bانتصارات و بشائر /
_cحسن محمد احمد
700 1 _aعلى الحمادى
250 _aالاولى
260 _aالقاهرة :
_bمركز الاعلام العربى ،
_c2006
300 _a340 ص ؛
_c24 سم
490 _aكتاب القدس
_v32
650 0 4 _aالنزاع العربى الاسرائيلى
650 0 4 _aالمقاومة الفلسطينية
650 0 4 _aالانتفاضة الفلسطينية
650 0 4 _aالتحالف الامريكى الصهيونى
942 _2ddc
_cBK
999 _c8877
_d8877